LEADER 01530cam0 2200313 450 001 E600200030329 005 20181023104404.0 010 $a8879889265 100 $a20071015d2002 |||||ita|0103 ba 101 $aita 102 $aIT 200 1 $aStudio e studia$ele scuole degli ordini mendicanti tra 13. e 4. secolo$eatti del 29. Convegno internazionale, Assisi, 11-13 ottobre 2001$fSocietā internazionale di studi francescani, Centro interuniversitario di studi francescani 210 $aSpoleto$cCentro italiano di studi sull'Alto Medioevo$d2002 215 $aX, 400 p.$d23 cm 225 2 $aAtti dei convegni della Societā internazionale di studi francescani e del Centro interuniversitario di studi francescani$hN$hS$v12 225 2 $aSISF convegni$v29 410 1$1001LAEC00024003$12001 $a*Atti dei convegni della Societā internazionale di studi francescani e del Centro interuniversitario di studi francescani. N. S$v12 410 1$1001SOBE00054203$12001 $a*SISF convegni$v29 710 02$a*Societā internazionale di studi francescani$3A600200043991$4070$0167009 711 02$a*Centro interuniversitario di studi francescani$3A600200043992$4070$0167010 801 0$aIT$bUNISOB$c20181023$gRICA 850 $aUNISOB 852 $aUNISOB$j200$m136065 912 $aE600200030329 940 $aM 102 Monografia moderna SBN 941 $aM 957 $a200$b002471$gSi$d136065$racquisto$1catenacci$2UNISOB$3UNISOB$420071015084001.0$520181023104334.0$6menle 996 $aStudio e studia$91688746 997 $aUNISOB LEADER 01160nlm 2200301Ia 450 001 996451652603316 005 20220112141713.0 100 $a19840208d1695---- uy | 101 0 $aeng 102 $aUK 135 $adrcnu 200 1 $a<> Alarme to unconverted sinners$ein a serious treatise ... whereunto are annexed divers practical cases of conscience judiciously resolved$fby Joseph Alleine 210 1 $aEdinburgh$cPrinted by the heirs and successors of Andrew Anderson, and are to be sold by Matthew Duncan$d1695 215 $aTesto elettronico (PDF) ([24], 149, 66 p.) 230 $aBase dati testuale 300 $a"Divers practical cases of conscience satisfactorily resolved" ha il titolo della didascalia e l'impaginazione separata 300 $aRiproduzione dell'originale nella British Library 606 0 $aCoscienza$2BNCF 676 $a170 700 1$aALLEINE,$bJoseph$f1634-1668$01004410 801 0$bcba$aIT$bcba$gREICAT 801 1$bcba$aIT$bcba$gREICAT 801 2$bcba$aIT$bcba$gREICAT 912 $a996451652603316 959 $aEB 969 $aER 996 $aAlarme to unconverted sinners$92567833 997 $aUNISA LEADER 01877oam 2200469 a 450 001 996575248403316 005 20240201114942.0 035 $a(EXLCZ)9930019503200041 100 $a20070928d2007 uy 0 101 0 $aeng 135 $aurcn#---aua|| 181 $ctxt$2rdacontent 182 $cc$2rdamedia 183 $acr$2rdacarrier 200 02$aA Place we called home $ea history of Illinois Soldiers' Orphans' Home 1864-1931, Illinois Soldiers' and Sailors' Children's School 1931-1979 /$fcompiled and edited with additional material by Ruth Cobb 205 $aDigital edition. 210 1$a[Normal, IL] :$cIllinois Soldiers' and Sailors' Children's School Historical Preservation Society,$d[2007] 210 4$dŠ2007 215 $a1 online resource (viii, 146 pages) $cillustrations, portraits 311 08$aPrint version: A Place we called home : a history of Illinois Soldiers' Orphans' Home 1864-1931, Illinois Soldiers' and Sailors' Children's School 1931-1979 (OCoLC)173484946 517 3 $aHistory of Illinois Soldiers' Orphans' Home 1864 - 1931, Illinois Soldiers' and Sailors' Children's School 1931 - 1979 517 3 $aIllinois Soldiers' Orphans' Home 1864 - 1931 517 3 $aIllinois Soldiers' and Sailors' Children's School 1931 - 1979 606 $aOrphanages$zIllinois$zNormal 606 $aOrphanages$2fast$3(OCoLC)fst01048423 607 $aNormal (Ill.) 607 $aIllinois$zNormal$2fast$1https://id.oclc.org/worldcat/entity/E39PBJkp9F8mb8hkmFmVvWKDbd 615 0$aOrphanages 615 7$aOrphanages. 701 $aCobb$b Ruth A$01587300 801 0$bIEI 801 1$bIEI 801 2$bIHI 801 2$bOCLCQ 801 2$bOCLCF 801 2$bOCLCA 801 2$bOCLCO 801 2$bOCLCQ 801 2$bOCLCL 912 $a996575248403316 996 $aA Place we called home$93874981 997 $aUNISA